[Event "Irwin/Haring/Denker/Barber/Rockefeller Championships 2021"]
[Site "Crowne Plaza Cherry Hill, United States"]
[Date "????.??.??"]
[Round "4.1"]
[White "Khmelnitsky, Igor"]
[Black "Enkhbat, Tegshsuren"]
[Result "1/2-1/2"]
[TimeControl "G/90;+30"]
[WhiteTitle "IM"]
[BlackTitle "IM"]
[WhiteElo "2488"]
[BlackElo "2373"]

1. d4 {[%clk 01:30:47]} {[%emt 00:00:11]} d5 {[%clk 01:30:45]} {[%emt
00:00:38]} 2. Bf4 {[%clk 01:31:09]} c5 {[%clk 01:29:38]} {[%emt 00:01:24]} 3.
e3 {[%clk 01:30:37]} {[%emt 00:01:12]} cxd4 {[%clk 01:29:17]} {[%emt 00:00:41]}
4. exd4 {[%clk 01:30:32]} {[%emt 00:00:32]} Nc6 {[%clk 01:29:36]} {[%emt
00:00:44]} 5. c3 {[%clk 01:30:28]} {[%emt 00:00:13]} Nf6 {[%clk 01:29:41]}
{[%emt 00:00:14]} 6. Nd2 {[%clk 01:27:48]} {[%emt 00:03:25]} g6 {[%clk
01:29:14]} {[%emt 00:00:42]} 7. Ngf3 {[%clk 01:25:17]} {[%emt 00:03:43]} Bg7
{[%clk 01:29:29]} 8. h3 {[%clk 01:21:49]} {[%emt 00:03:40]} a6 {[%clk
01:26:31]} {[%emt 00:03:19]} 9. Be2 {[%clk 01:17:06]} {[%emt 00:05:16]} Bf5
{[%clk 01:24:11]} {[%emt 00:02:50]} 10. O-O {[%clk 01:16:35]} {[%emt 00:00:56]}
O-O {[%clk 01:24:24]} {[%emt 00:00:26]} 11. Re1 {[%clk 01:16:04]} {[%emt
00:01:20]} h6 {[%clk 01:09:55]} {[%emt 00:15:11]} 12. a4 {[%clk 01:13:21]}
{[%emt 00:02:34]} Rc8 {[%clk 01:08:41]} {[%emt 00:02:03]} 13. Qb3 {[%clk
01:11:26]} {[%emt 00:02:30]} g5 {[%clk 00:59:51]} {[%emt 00:08:56]} 14. Bh2
{[%clk 01:10:12]} {[%emt 00:01:43]} Qd7 {[%clk 00:55:22]} {[%emt 00:04:58]} 15.
Ne5 {[%clk 00:58:54]} {[%emt 00:11:49]} Nxe5 {[%clk 00:55:28]} {[%emt
00:00:39]} 16. Bxe5 {[%clk 00:59:17]} {[%emt 00:00:07]} Rfd8 {[%clk 00:52:18]}
{[%emt 00:03:25]} 17. a5 {[%clk 00:58:53]} {[%emt 00:00:57]} Ne4 {[%clk
00:45:51]} {[%emt 00:07:32]} 18. Nxe4 {[%clk 00:54:19]} {[%emt 00:04:32]} Bxe4
{[%clk 00:43:00]} {[%emt 00:03:13]} 19. Bxg7 {[%clk 00:52:01]} {[%emt
00:02:50]} Kxg7 {[%clk 00:43:21]} {[%emt 00:00:24]} 20. Ra4 {[%clk 00:52:19]}
{[%emt 00:00:24]} Rc7 {[%clk 00:41:53]} {[%emt 00:01:30]} 21. Rb4 {[%clk
00:52:14]} {[%emt 00:00:36]} e6 {[%clk 00:41:11]} {[%emt 00:01:38]} 22. Rb6
{[%clk 00:51:50]} {[%emt 00:00:28]} Qe7 {[%clk 00:39:53]} {[%emt 00:01:46]} 23.
Ra1 {[%clk 00:46:09]} {[%emt 00:06:25]} Rdd7 {[%clk 00:39:58]} {[%emt
00:00:15]} 24. Ra4 {[%clk 00:45:59]} {[%emt 00:00:54]} Qf6 {[%clk 00:39:51]}
{[%emt 00:00:51]} 25. Rab4 {[%clk 00:43:11]} {[%emt 00:03:12]} Qf4 {[%clk
00:39:20]} {[%emt 00:00:54]} 26. Qd1 {[%clk 00:41:13]} {[%emt 00:02:09]} Kg8
{[%clk 00:34:51]} {[%emt 00:05:18]} 27. Bg4 {[%clk 00:39:02]} {[%emt 00:02:21]}
Kg7 {[%clk 00:34:27]} {[%emt 00:00:54]} 28. g3 {[%clk 00:37:42]} {[%emt
00:02:22]} Qf6 {[%clk 00:34:25]} {[%emt 00:00:03]} 29. Qb3 {[%clk 00:37:55]}
{[%emt 00:00:22]} Re7 {[%clk 00:32:19]} {[%emt 00:02:38]} 30. Qd1 {[%clk
00:31:44]} {[%emt 00:07:34]} Red7 {[%clk 00:30:32]} {[%emt 00:01:23]} 31. Qe2
{[%clk 00:30:26]} {[%emt 00:02:20]} Qg6 {[%clk 00:26:46]} {[%emt 00:03:37]} 32.
Bh5 {[%clk 00:25:44]} {[%emt 00:05:10]} Qf5 {[%clk 00:26:32]} {[%emt 00:01:01]}
33. Bg4 {[%clk 00:26:08]} Qg6 {[%clk 00:26:51]} 34. Bh5 {[%clk 00:26:25]}
{[%emt 00:00:12]} Qf5 {[%clk 00:27:09]} {[%emt 00:00:34]} 35. Kh2 {[%clk
00:26:44]} Qf6 {[%clk 00:26:55]} {[%emt 00:00:32]} 36. Qe3 {[%clk 00:26:00]}
{[%emt 00:01:14]} Qf5 {[%clk 00:26:31]} {[%emt 00:00:53]} 37. f3 {[%clk
00:22:57]} {[%emt 00:03:33]} Bb1 {[%clk 00:26:07]} {[%emt 00:00:54]} 38. Qe5+
{[%clk 00:23:24]} {[%emt 00:00:33]} Qxe5 {[%clk 00:22:41]} {[%emt 00:03:58]} 39.
dxe5 {[%clk 00:23:53]} Bg6 {[%clk 00:22:32]} {[%emt 00:00:08]} 40. Bxg6 {[%clk
00:23:06]} {[%emt 00:01:22]} Kxg6 {[%clk 00:22:55]} {[%emt 00:00:07]} 41. g4
{[%clk 00:23:30]} {[%emt 00:00:06]} Rc5 {[%clk 00:22:23]} {[%emt 00:01:04]} 42.
Ra4 {[%clk 00:20:42]} {[%emt 00:03:12]} Rc4 {[%clk 00:18:55]} {[%emt 00:04:02]}
43. Rbb4 {[%clk 00:20:25]} {[%emt 00:01:24]} Rxb4 {[%clk 00:16:44]} {[%emt
00:02:08]} 44. Rxb4 {[%clk 00:20:50]} {[%emt 00:00:03]} Rc7 {[%clk 00:17:07]}
{[%emt 00:00:14]} 45. h4 {[%clk 00:19:56]} {[%emt 00:01:14]} h5 {[%clk
00:16:09]} {[%emt 00:01:28]} 46. gxh5+ {[%clk 00:17:12]} {[%emt 00:03:41]} Kxh5
{[%clk 00:16:24]} 47. Kg3 {[%clk 00:16:44]} {[%emt 00:01:26]} gxh4+ {[%clk
00:16:05]} {[%emt 00:00:07]} 48. Rxh4+ {[%clk 00:17:11]} {[%emt 00:00:04]} Kg5
{[%clk 00:16:15]} {[%emt 00:00:16]} 49. Rb4 {[%clk 00:17:04]} {[%emt 00:01:02]}
Kf5 {[%clk 00:15:25]} {[%emt 00:01:25]} 50. f4 {[%clk 00:17:31]} f6 {[%clk
00:15:30]} 51. exf6 {[%clk 00:17:56]} {[%emt 00:00:11]} Kxf6 {[%clk 00:15:53]}
{[%emt 00:00:04]} 52. Kf3 {[%clk 00:15:44]} {[%emt 00:02:38]} 1/2-1/2

[Event "Irwin/Haring/Denker/Barber/Rockefeller Championships 2021"]
[Site "Crowne Plaza Cherry Hill, United States"]
[Date "????.??.??"]
[Round "4.2"]
[White "Eckert, Doug"]
[Black "Ferreiro, Roberto Alvarez"]
[Result "1-0"]
[TimeControl "G/90;+30"]
[WhiteTitle "FM"]
[BlackTitle "FM"]
[WhiteElo "2266"]
[BlackElo "2407"]

1. d4 {[%clk 01:30:58]} Nf6 {[%clk 01:24:56]} {[%emt 00:06:05]} 2. c4 {[%clk
01:31:17]} c5 {[%clk 01:25:11]} {[%emt 00:00:03]} 3. d5 {[%clk 01:31:40]} e6
{[%clk 01:25:37]} {[%emt 00:00:07]} 4. Nc3 {[%clk 01:31:42]} {[%emt 00:01:20]}
exd5 {[%clk 01:25:59]} 5. cxd5 {[%clk 01:32:06]} d6 {[%clk 01:26:15]} 6. Nf3
{[%clk 01:31:50]} {[%emt 00:00:09]} g6 {[%clk 01:26:38]} {[%emt 00:00:27]} 7.
Nd2 {[%clk 01:31:49]} {[%emt 00:00:22]} Nbd7 {[%clk 01:27:03]} 8. e4 {[%clk
01:31:35]} {[%emt 00:01:17]} Bg7 {[%clk 01:27:28]} 9. Be2 {[%clk 01:31:58]} O-O
{[%clk 01:27:55]} 10. O-O {[%clk 01:32:08]} {[%emt 00:00:03]} Re8 {[%clk
01:28:18]} {[%emt 00:00:11]} 11. a4 {[%clk 01:29:20]} {[%emt 00:03:09]} a6
{[%clk 01:27:40]} {[%emt 00:01:34]} 12. f4 {[%clk 01:25:01]} {[%emt 00:04:28]}
c4 {[%clk 01:27:10]} {[%emt 00:00:54]} 13. Kh1 {[%clk 01:25:09]} {[%emt
00:00:24]} Nc5 {[%clk 01:25:22]} {[%emt 00:02:15]} 14. e5 {[%clk 01:25:22]}
{[%emt 00:00:22]} dxe5 {[%clk 01:25:22]} {[%emt 00:01:02]} 15. Nxc4 {[%clk
01:25:46]} e4 {[%clk 01:24:46]} {[%emt 00:00:36]} 16. Be3 {[%clk 01:24:09]}
{[%emt 00:02:05]} Nd3 {[%clk 01:22:53]} {[%emt 00:02:28]} 17. Bxd3 {[%clk
01:19:06]} {[%emt 00:06:10]} exd3 {[%clk 01:23:19]} 18. Bb6 {[%clk 01:17:59]}
{[%emt 00:01:07]} Qe7 {[%clk 01:19:52]} {[%emt 00:03:52]} 19. d6 {[%clk
01:16:39]} {[%emt 00:02:05]} Qf8 {[%clk 01:19:41]} {[%emt 00:00:43]} 20. Qxd3
{[%clk 01:16:14]} {[%emt 00:00:35]} Bf5 {[%clk 01:19:18]} {[%emt 00:00:52]} 21.
Qd2 {[%clk 01:11:42]} {[%emt 00:05:26]} Nd7 {[%clk 00:58:54]} {[%emt 00:20:45]}
22. Bc7 {[%clk 01:10:03]} {[%emt 00:02:32]} Nc5 {[%clk 00:48:48]} {[%emt
00:10:03]} 23. Qd5 {[%clk 01:09:25]} {[%emt 00:01:12]} Ne4 {[%clk 00:42:59]}
{[%emt 00:06:11]} 24. Ne5 {[%clk 01:03:41]} {[%emt 00:06:18]} Nxc3 {[%clk
00:33:27]} {[%emt 00:10:02]} 25. bxc3 {[%clk 01:04:05]} {[%emt 00:00:04]} Bxe5
{[%clk 00:30:35]} {[%emt 00:03:21]} 26. fxe5 {[%clk 01:04:27]} {[%emt
00:00:08]} Bd7 {[%clk 00:30:36]} {[%emt 00:00:26]} 27. Rf6 {[%clk 00:58:24]}
{[%emt 00:06:37]} Bc6 {[%clk 00:24:30]} {[%emt 00:06:54]} 28. Qd4 {[%clk
00:58:35]} {[%emt 00:00:03]} Qh6 {[%clk 00:14:04]} {[%emt 00:10:51]} 29. d7
{[%clk 00:55:41]} {[%emt 00:03:37]} Red8 {[%clk 00:14:28]} 30. Rxc6 {[%clk
00:53:39]} {[%emt 00:02:27]} bxc6 {[%clk 00:14:51]} {[%emt 00:00:05]} 31. Bxd8
{[%clk 00:54:05]} {[%emt 00:00:53]} Rxd8 {[%clk 00:15:13]} 32. Qd6 {[%clk
00:52:14]} {[%emt 00:01:39]} Qf8 {[%clk 00:13:31]} {[%emt 00:02:31]} 33. Qxc6
{[%clk 00:52:08]} {[%emt 00:00:17]} Qe7 {[%clk 00:13:59]} {[%emt 00:00:18]} 34.
Rd1 {[%clk 00:52:05]} {[%emt 00:00:42]} Qxe5 {[%clk 00:14:02]} {[%emt
00:00:05]} 35. Qxa6 {[%clk 00:51:21]} {[%emt 00:01:11]} Qxc3 {[%clk 00:14:11]}
{[%emt 00:00:21]} 36. Qb6 {[%clk 00:49:15]} {[%emt 00:02:35]} 1-0

[Event "Irwin/Haring/Denker/Barber/Rockefeller Championships 2021"]
[Site "Crowne Plaza Cherry Hill, United States"]
[Date "????.??.??"]
[Round "4.3"]
[White "Ginsburg, Mark"]
[Black "Koganov, Mikhail"]
[Result "1/2-1/2"]
[TimeControl "G/90;+30"]
[WhiteTitle "IM"]
[WhiteElo "2373"]
[BlackElo "2203"]

1. Nf3 {[%clk 01:30:56]} d5 {[%clk 01:28:14]} {[%emt 00:02:25]} 2. d4 {[%clk
01:29:40]} {[%emt 00:02:29]} Nf6 {[%clk 01:26:39]} {[%emt 00:01:22]} 3. c4
{[%clk 01:29:59]} {[%emt 00:00:41]} e6 {[%clk 01:25:55]} {[%emt 00:00:44]} 4.
g3 {[%clk 01:30:09]} {[%emt 00:01:02]} c6 {[%clk 01:20:25]} {[%emt 00:05:54]} 5.
Qc2 {[%clk 01:28:35]} {[%emt 00:01:28]} Nbd7 {[%clk 01:18:35]} {[%emt
00:02:59]} 6. Bg2 {[%clk 01:28:47]} Ne4 {[%clk 01:16:02]} {[%emt 00:03:09]} 7.
O-O {[%clk 01:28:09]} {[%emt 00:00:44]} Bd6 {[%clk 01:15:59]} {[%emt 00:00:29]}
8. b3 {[%clk 01:28:23]} {[%emt 00:01:24]} Qe7 {[%clk 01:14:46]} {[%emt
00:00:35]} 9. Nbd2 {[%clk 01:27:46]} {[%emt 00:01:24]} f5 {[%clk 01:11:40]}
{[%emt 00:03:20]} 10. Bb2 {[%clk 01:27:34]} {[%emt 00:00:40]} O-O {[%clk
01:11:47]} {[%emt 00:00:46]} 11. Rac1 {[%clk 01:22:50]} {[%emt 00:05:25]} Nxd2
{[%clk 01:06:48]} {[%emt 00:04:54]} 12. Qxd2 {[%clk 01:21:57]} {[%emt
00:01:41]} b6 {[%clk 01:06:44]} {[%emt 00:00:23]} 13. Rc2 {[%clk 01:18:27]}
{[%emt 00:03:56]} Bb7 {[%clk 01:06:35]} {[%emt 00:00:43]} 14. Rfc1 {[%clk
01:18:55]} Rac8 {[%clk 01:06:29]} {[%emt 00:00:59]} 15. e3 {[%clk 01:12:04]}
{[%emt 00:06:55]} Qf6 {[%clk 00:54:09]} {[%emt 00:13:02]} 16. Ne1 {[%clk
01:05:22]} {[%emt 00:07:15]} Rce8 {[%clk 00:48:03]} {[%emt 00:07:08]} 17. Nd3
{[%clk 01:03:58]} {[%emt 00:01:04]} Rf7 {[%clk 00:47:27]} {[%emt 00:01:27]} 18.
f4 {[%clk 00:58:31]} {[%emt 00:05:49]} Qd8 {[%clk 00:43:59]} {[%emt 00:03:47]}
19. cxd5 {[%clk 00:48:28]} {[%emt 00:10:53]} cxd5 {[%clk 00:43:20]} {[%emt
00:00:49]} 20. Ne5 {[%clk 00:47:55]} {[%emt 00:01:35]} Nxe5 {[%clk 00:38:00]}
{[%emt 00:05:19]} 21. fxe5 {[%clk 00:47:09]} {[%emt 00:01:39]} Bf8 {[%clk
00:38:10]} 22. Bf1 {[%clk 00:47:05]} {[%emt 00:01:06]} a6 {[%clk 00:38:29]} 23.
a4 {[%clk 00:47:26]} g5 {[%clk 00:37:49]} {[%emt 00:00:53]} 24. Bd3 {[%clk
00:47:25]} {[%emt 00:00:46]} g4 {[%clk 00:37:29]} {[%emt 00:01:11]} 25. Qe2
{[%clk 00:47:00]} {[%emt 00:00:18]} Qa8 {[%clk 00:34:24]} {[%emt 00:03:36]} 26.
Kf2 {[%clk 00:43:31]} {[%emt 00:03:58]} Be7 {[%clk 00:29:25]} {[%emt 00:05:29]}
27. h3 {[%clk 00:40:00]} {[%emt 00:04:07]} Rg7 {[%clk 00:26:18]} {[%emt
00:03:34]} 28. Rh1 {[%clk 00:39:40]} {[%emt 00:00:47]} Rc8 {[%clk 00:26:13]}
{[%emt 00:01:13]} 29. hxg4 {[%clk 00:37:54]} {[%emt 00:02:00]} Rxc2 {[%clk
00:23:55]} {[%emt 00:02:25]} 30. Bxc2 {[%clk 00:38:04]} {[%emt 00:00:46]} Rxg4
{[%clk 00:24:01]} 31. Rxh7 {[%clk 00:36:56]} {[%emt 00:01:45]} Qe8 {[%clk
00:16:00]} {[%emt 00:08:35]} 32. Rh3 {[%clk 00:35:34]} {[%emt 00:02:19]} Bf8
{[%clk 00:14:44]} {[%emt 00:01:05]} 33. Bd3 {[%clk 00:35:09]} {[%emt 00:00:58]}
Qc8 {[%clk 00:14:09]} {[%emt 00:01:19]} 34. Qd1 {[%clk 00:33:53]} {[%emt
00:01:39]} Bg7 {[%clk 00:13:34]} {[%emt 00:00:59]} 35. Be2 {[%clk 00:33:11]}
{[%emt 00:01:08]} Rg6 {[%clk 00:11:26]} {[%emt 00:02:38]} 36. Bh5 {[%clk
00:31:51]} {[%emt 00:02:03]} Rh6 {[%clk 00:11:01]} {[%emt 00:01:02]} 37. Bc1
{[%clk 00:27:42]} {[%emt 00:04:22]} Rh8 {[%clk 00:10:35]} {[%emt 00:00:53]} 38.
Bd2 {[%clk 00:20:50]} {[%emt 00:07:28]} Bc6 {[%clk 00:10:18]} {[%emt 00:00:48]}
39. Qc1 {[%clk 00:19:09]} {[%emt 00:02:10]} Bd7 {[%clk 00:10:22]} {[%emt
00:00:23]} 40. Rh1 {[%clk 00:19:09]} {[%emt 00:00:27]} Qxc1 {[%clk 00:09:26]}
{[%emt 00:01:25]} 41. Bxc1 {[%clk 00:19:38]} {[%emt 00:00:07]} Be8 {[%emt
00:00:21]} 42. Bf3 Rxh1 {[%clk 00:09:36]} {[%emt 00:00:24]} 43. Bxh1 {[%clk
00:20:36]} {[%emt 00:00:04]} Bh5 {[%clk 00:09:32]} {[%emt 00:00:35]} 44. Bg2
{[%clk 00:21:05]} Bd1 {[%clk 00:09:47]} {[%emt 00:00:40]} 45. Bf1 {[%clk
00:20:47]} {[%emt 00:00:35]} Bxb3 {[%clk 00:09:45]} {[%emt 00:00:37]} 1/2-1/2

[Event "Irwin/Haring/Denker/Barber/Rockefeller Championships 2021"]
[Site "Crowne Plaza Cherry Hill, United States"]
[Date "????.??.??"]
[Round "4.4"]
[White "Liang, Awonder"]
[Black "Venkat, Raghav"]
[Result "1-0"]
[TimeControl "G/90;+30"]
[WhiteTitle "GM"]
[WhiteElo "2674"]
[BlackElo "2300"]

1. e4 {[%clk 01:27:13]} {[%emt 00:03:54]} e6 {[%clk 01:30:54]} {[%emt
00:00:16]} 2. d4 {[%clk 01:26:37]} {[%emt 00:01:08]} d5 {[%clk 01:31:16]} 3.
Nc3 {[%clk 01:27:01]} {[%emt 00:00:15]} Bb4 {[%clk 01:31:37]} 4. exd5 {[%clk
01:25:41]} {[%emt 00:01:40]} exd5 {[%clk 01:31:22]} {[%emt 00:00:45]} 5. Bd3
{[%clk 01:26:04]} {[%emt 00:00:21]} Nf6 {[%clk 01:31:10]} {[%emt 00:01:02]} 6.
Nge2 {[%clk 01:22:29]} {[%emt 00:03:32]} c6 {[%clk 01:25:21]} {[%emt 00:06:19]}
7. O-O {[%clk 01:20:43]} {[%emt 00:02:30]} O-O {[%clk 01:24:28]} {[%emt
00:01:37]} 8. Ng3 {[%clk 01:19:51]} {[%emt 00:01:18]} Re8 {[%clk 01:20:48]}
{[%emt 00:04:29]} 9. h3 {[%clk 01:16:52]} {[%emt 00:02:45]} Nbd7 {[%clk
01:13:54]} {[%emt 00:07:43]} 10. Qf3 {[%clk 01:13:39]} {[%emt 00:03:24]} Nf8
{[%clk 01:12:31]} {[%emt 00:02:45]} 11. Bg5 {[%clk 00:58:06]} {[%emt 00:15:44]}
Be7 {[%clk 00:54:56]} {[%emt 00:17:49]} 12. Rae1 {[%clk 00:56:41]} {[%emt
00:02:03]} Ne6 {[%clk 00:52:30]} {[%emt 00:03:08]} 13. Be3 {[%clk 00:57:08]} g6
{[%clk 00:49:00]} {[%emt 00:03:24]} 14. Nce2 {[%clk 00:52:19]} {[%emt
00:05:20]} Bd7 {[%clk 00:44:01]} {[%emt 00:05:45]} 15. c3 {[%clk 00:49:16]}
{[%emt 00:03:57]} Bf8 {[%clk 00:40:30]} {[%emt 00:03:26]} 16. Nc1 {[%clk
00:45:56]} {[%emt 00:03:43]} h6 {[%clk 00:38:14]} {[%emt 00:02:45]} 17. Qd1
{[%clk 00:45:58]} {[%emt 00:00:53]} h5 {[%clk 00:29:31]} {[%emt 00:08:51]} 18.
Bc2 {[%clk 00:45:26]} {[%emt 00:00:59]} c5 {[%clk 00:27:20]} {[%emt 00:02:52]}
19. dxc5 {[%clk 00:39:42]} {[%emt 00:06:02]} Bxc5 {[%clk 00:26:50]} {[%emt
00:01:03]} 20. Bxc5 {[%clk 00:39:31]} {[%emt 00:01:10]} Nxc5 {[%clk 00:27:18]}
21. Nb3 {[%clk 00:38:24]} {[%emt 00:01:37]} Nxb3 {[%clk 00:27:09]} {[%emt
00:00:10]} 22. Bxb3 {[%clk 00:38:11]} {[%emt 00:00:52]} h4 {[%clk 00:26:08]}
{[%emt 00:01:23]} 23. Rxe8+ {[%clk 00:35:31]} {[%emt 00:03:34]} Bxe8 {[%clk
00:26:36]} 24. Ne2 {[%clk 00:35:53]} {[%emt 00:00:04]} Bb5 {[%clk 00:27:00]} 25.
Re1 {[%clk 00:36:01]} {[%emt 00:00:08]} Qb6 {[%clk 00:23:06]} {[%emt 00:04:42]}
26. Nd4 {[%clk 00:34:45]} {[%emt 00:01:30]} Bc4 {[%clk 00:23:26]} {[%emt
00:00:07]} 27. Qf3 {[%clk 00:34:01]} {[%emt 00:01:28]} Re8 {[%clk 00:21:39]}
{[%emt 00:02:18]} 28. Rxe8+ {[%clk 00:33:42]} {[%emt 00:01:02]} Nxe8 {[%clk
00:22:06]} 29. Qf4 {[%clk 00:24:09]} {[%emt 00:09:45]} Bxb3 {[%clk 00:21:47]}
{[%emt 00:00:52]} 30. axb3 {[%clk 00:24:22]} {[%emt 00:00:29]} Qf6 {[%clk
00:19:19]} {[%emt 00:02:36]} 31. Qb8 {[%clk 00:13:45]} {[%emt 00:11:07]} Qe7
{[%clk 00:19:41]} {[%emt 00:00:11]} 32. Nf3 {[%clk 00:14:11]} {[%emt 00:00:03]}
a6 {[%clk 00:17:07]} {[%emt 00:03:02]} 33. Nxh4 {[%clk 00:14:16]} {[%emt
00:00:24]} Kg7 {[%clk 00:17:22]} {[%emt 00:00:46]} 34. Qf4 {[%clk 00:13:02]}
{[%emt 00:01:33]} Qe1+ {[%clk 00:14:56]} {[%emt 00:02:37]} 35. Kh2 {[%clk
00:13:27]} {[%emt 00:00:14]} Qb1 {[%clk 00:13:53]} {[%emt 00:01:23]} 36. Qd2
{[%clk 00:10:56]} {[%emt 00:03:00]} Nf6 {[%clk 00:13:37]} {[%emt 00:00:53]} 37.
Nf3 {[%clk 00:11:24]} {[%emt 00:00:17]} b5 {[%clk 00:12:49]} {[%emt 00:00:57]}
38. b4 {[%clk 00:11:37]} {[%emt 00:00:23]} Qf1 {[%clk 00:10:47]} {[%emt
00:02:27]} 39. Qd4 {[%clk 00:11:44]} {[%emt 00:00:30]} Qe2 {[%emt 00:00:32]} 40.
Ne5 {[%clk 00:10:36]} {[%emt 00:01:25]} Qe4 {[%clk 00:07:18]} {[%emt 00:04:19]}
41. Qxe4 {[%clk 00:10:35]} {[%emt 00:00:32]} Nxe4 {[%clk 00:07:42]} 42. Nd3
{[%clk 00:10:46]} {[%emt 00:00:22]} Kf6 {[%clk 00:06:48]} {[%emt 00:01:17]} 43.
f3 {[%clk 00:11:11]} {[%emt 00:00:07]} Nd2 {[%clk 00:07:12]} {[%emt 00:00:04]}
44. Nc5 {[%clk 00:11:24]} {[%emt 00:00:09]} Ke5 {[%clk 00:07:10]} {[%emt
00:01:00]} 45. Nxa6 {[%clk 00:11:27]} {[%emt 00:00:13]} Kd6 {[%clk 00:07:38]}
46. Nc5 {[%clk 00:11:47]} {[%emt 00:00:03]} Nc4 {[%clk 00:08:03]} {[%emt
00:00:15]} 47. Nb3 {[%clk 00:09:58]} {[%emt 00:02:34]} Nxb2 {[%clk 00:06:24]}
{[%emt 00:02:07]} 48. Nd4 {[%clk 00:10:24]} Nd1 {[%clk 00:05:53]} {[%emt
00:00:39]} 49. Nxb5+ {[%clk 00:10:50]} {[%emt 00:00:08]} Kc6 {[%clk 00:06:20]}
50. Nd4+ {[%clk 00:11:15]} {[%emt 00:00:04]} Kb6 {[%clk 00:06:48]} {[%emt
00:00:07]} 51. Ne2 {[%clk 00:11:41]} Kb5 {[%clk 00:07:15]} {[%emt 00:00:03]} 52.
h4 {[%clk 00:12:07]} {[%emt 00:00:03]} Kc4 {[%clk 00:07:35]} {[%emt 00:00:36]}
53. g4 {[%clk 00:12:32]} 1-0

[Event "Irwin/Haring/Denker/Barber/Rockefeller Championships 2021"]
[Site "Crowne Plaza Cherry Hill, United States"]
[Date "????.??.??"]
[Round "4.5"]
[White "Vivekananthan, Anish"]
[Black "Yip, Carissa"]
[Result "1/2-1/2"]
[TimeControl "G/90;+30"]
[WhiteTitle "FM"]
[BlackTitle "IM"]
[WhiteElo "2388"]
[BlackElo "2506"]

1. d4 {[%clk 01:30:57]} {[%emt 00:00:24]} Nf6 {[%clk 01:21:45]} {[%emt
00:09:18]} 2. Nf3 {[%clk 01:29:22]} {[%emt 00:01:44]} g6 {[%clk 01:22:08]}
{[%emt 00:00:12]} 3. Nbd2 {[%clk 01:28:52]} {[%emt 00:00:54]} Bg7 {[%clk
01:17:17]} {[%emt 00:05:22]} 4. e4 {[%clk 01:29:15]} {[%emt 00:00:48]} d6
{[%clk 01:17:44]} 5. Bb5+ {[%clk 01:29:29]} c6 {[%clk 01:18:00]} 6. Bd3 {[%clk
01:29:53]} {[%emt 00:00:34]} O-O {[%clk 01:17:57]} 7. O-O {[%clk 01:29:26]}
{[%emt 00:00:55]} Qc7 {[%clk 01:18:17]} {[%emt 00:00:18]} 8. h3 {[%clk
01:29:07]} {[%emt 00:00:40]} Nbd7 {[%clk 01:17:24]} {[%emt 00:01:33]} 9. a4
{[%clk 01:28:55]} {[%emt 00:00:46]} e5 {[%clk 01:17:46]} 10. dxe5 {[%clk
01:29:19]} Nxe5 {[%clk 01:17:51]} {[%emt 00:00:21]} 11. Nxe5 {[%clk 01:29:46]}
{[%emt 00:00:30]} dxe5 {[%clk 01:18:15]} {[%emt 00:00:21]} 12. Nf3 {[%clk
01:24:57]} {[%emt 00:04:46]} Rd8 {[%clk 01:17:18]} {[%emt 00:01:18]} 13. Qe2
{[%clk 01:25:19]} {[%emt 00:00:27]} h6 {[%clk 01:14:12]} {[%emt 00:03:18]} 14.
Bc4 {[%clk 01:20:01]} {[%emt 00:06:06]} Nd7 {[%clk 01:09:48]} {[%emt 00:04:37]}
15. Be3 {[%clk 01:14:22]} {[%emt 00:06:09]} Nf8 {[%clk 01:09:19]} {[%emt
00:00:59]} 16. b4 {[%clk 01:14:14]} {[%emt 00:00:38]} Ne6 {[%clk 01:02:42]}
{[%emt 00:07:06]} 17. c3 {[%clk 01:12:47]} {[%emt 00:01:57]} Nf4 {[%clk
01:03:05]} {[%emt 00:00:11]} 18. Bxf4 {[%clk 01:07:45]} {[%emt 00:05:32]} exf4
{[%clk 01:03:33]} 19. e5 {[%clk 01:00:44]} {[%emt 00:07:51]} Bf5 {[%clk
00:43:24]} {[%emt 00:20:41]} 20. Rfe1 {[%clk 00:30:54]} {[%emt 00:30:15]} Re8
{[%clk 00:42:45]} {[%emt 00:00:51]} 21. Qa2 {[%clk 00:29:44]} {[%emt 00:01:42]}
Be6 {[%clk 00:37:54]} {[%emt 00:05:17]} 22. Re4 {[%clk 00:28:15]} {[%emt
00:02:10]} g5 {[%clk 00:33:03]} {[%emt 00:05:17]} 23. Rae1 {[%clk 00:23:30]}
{[%emt 00:05:10]} Rad8 {[%clk 00:30:00]} {[%emt 00:03:48]} 24. Nd4 {[%clk
00:19:38]} {[%emt 00:04:40]} Bd5 {[%clk 00:29:21]} {[%emt 00:00:37]} 25. e6
{[%clk 00:16:59]} {[%emt 00:03:23]} Kh8 {[%clk 00:17:59]} {[%emt 00:11:36]} 26.
Bxd5 {[%clk 00:14:47]} {[%emt 00:02:51]} cxd5 {[%clk 00:16:18]} {[%emt
00:02:03]} 27. R4e2 {[%clk 00:12:54]} {[%emt 00:02:22]} Qxc3 {[%clk 00:16:46]}
{[%emt 00:00:25]} 28. Nb5 {[%clk 00:11:41]} {[%emt 00:01:38]} Qxb4 {[%clk
00:06:42]} {[%emt 00:10:29]} 29. Nc7 {[%clk 00:11:27]} {[%emt 00:00:31]} fxe6
{[%clk 00:07:05]} {[%emt 00:00:15]} 30. Nxe8 {[%clk 00:09:14]} {[%emt
00:03:06]} Rxe8 {[%clk 00:07:34]} 31. Rxe6 {[%clk 00:06:31]} {[%emt 00:03:00]}
Qxe1+ {[%clk 00:07:57]} 32. Rxe1 {[%clk 00:06:59]} Rxe1+ {[%clk 00:08:26]} 33.
Kh2 {[%clk 00:07:29]} Re5 {[%clk 00:07:45]} {[%emt 00:01:20]} 34. Qc2 {[%clk
00:07:03]} {[%emt 00:00:41]} d4 {[%clk 00:06:52]} {[%emt 00:01:26]} 35. Qc8+
{[%clk 00:07:25]} {[%emt 00:00:04]} 1/2-1/2